| 000 | 01024nam a22003137a 4500 | ||
|---|---|---|---|
| 001 | 7067 | ||
| 003 | FISKH | ||
| 005 | 20250828131612.0 | ||
| 008 | 250619b cb ||||| |||| 00| 0 eng d | ||
| 020 | _a9780753467077 | ||
| 040 |
_aFISKH _beng _cFISKH _dFISKH |
||
| 050 | _a QH501 .W43 | ||
| 082 | _a571.8 | ||
| 100 | _aWeber, Belinda | ||
| 245 |
_aI wonder why caterpillars eat so much and other questions about life cycles / _cBy Belinda Weber |
||
| 250 | _aFirst published 2006 | ||
| 260 |
_aNew York : _bKingfisher , _c2012. |
||
| 300 |
_a32 pages : _bcolor illustrations ; _c28 cm . |
||
| 490 | _aI wonder why | ||
| 505 | _aM | ||
| 520 | _aInformation about the life cycles of various animals, plants, and insects is presented in a question and answer format. | ||
| 521 | 8 |
_a530
_bLexile estimate |
|
| 521 | 8 |
_aM
_bRaz-Plus |
|
| 650 |
_aExplanation _vNon-fiction |
||
| 650 |
_vLife cycles _xNon-fiction |
||
| 700 |
_aCamm, Martin _eIllustrator |
||
| 942 |
_2ddc _cBK _n0 |
||
| 999 |
_c7067 _d7067 |
||